000 01047nam a22002777a 4500
001 06227
003 HDC
007 cr bn ---aaaaa
008 210123b20062006xxu||||| |||| 00| 0 eng d
020 _a9780824726577
040 _aHDC
100 _aRyder, David S.
_eauthor
_96564
245 0 _aMiscellaneous ingredients in aid of the process
_c/ David S. Ryder, Joseph Power
260 _aUnited States:
_bCRC Press/Taylor & Francis,
_c2006
300 _a1 online resource (49 pages)
336 _atext
_2rdacontent
337 _acomputer
_2rdamedia
338 _aonline resource
_2rdacarrier
500 _aOriginally from: Handbook of brewing, 2006 (pages 333-381)
_aIncludes bibliographical references
650 _aBrewing
_vHandbooks, manuals, etc
_96565
700 _aPower, Joseph
_ejoint author
_96566
856 _zRequest full-text at [email protected]
942 _2lcc
942 _cCHAP
942 _kEBCH 004242
999 _c3551
_d3551